| 000 -LEADER |
| fixed length control field |
00404pab a2200145 454500 |
| 008 - FIXED-LENGTH DATA ELEMENTS--GENERAL INFORMATION |
| fixed length control field |
180718b1985 xxu||||| |||| 00| 0 eng d |
| 100 ## - MAIN ENTRY--PERSONAL NAME |
| Personal name |
Liang, Timothy T. |
| 245 ## - TITLE STATEMENT |
| Title |
A systems approach to integrate manapower planning and operation |
| 260 ## - PUBLICATION, DISTRIBUTION, ETC. |
| Date of publication, distribution, etc. |
1985 |
| 300 ## - PHYSICAL DESCRIPTION |
| Extent |
371-7 |
| 650 ## - SUBJECT ADDED ENTRY--TOPICAL TERM |
| Topical term or geographic name entry element |
Manpower Policy |
| 700 ## - ADDED ENTRY--PERSONAL NAME |
| Personal name |
Shao - Ju Lee |
| 773 ## - HOST ITEM ENTRY |
| Main entry heading |
Socio - Economic and Planning Sciences |
| 909 ## - |
| -- |
13204 |